[Event "IECG QD.2005.0.00082 email"]
[Site "IECG email"]
[Date "2005.12.03"]
[Round "?"]
[White "Tsiairis, Nikos"]
[Black "Todd, Daniel"]
[Result "0-1"]
[WhiteElo "1545"]
[BlackElo "1406"]
[PlyCount "38"]
[EventDate "2005.12.03"]
[EventType "tourn (corr)"]
[EventRounds "2"]
[SourceTitle "Corr 2008"]
[Source "ChessBase"]
[SourceDate "2008.06.24"]
[SourceVersion "1"]
[SourceVersionDate "2008.06.24"]
[SourceQuality "1"]

1. e4 e5 2. Nf3 Nc6 3. Bb5 a6 4. Ba4 Nf6 5. 0-0 b5 6. Bb3 Bb7 7. c3 Nxe4 8. Re1 Nc5 9. Nxe5 Nxe5 10. Rxe5+ Ne6 11. d4 Bd6 12. Re1 Qh4 13. g3 Qh3 14. d5 h5 15. Qe2 h4 16. Qf1 hxg3 17. Qxh3 gxf2+ 18. Kxf2 Rxh3 19. dxe6 dxe6 0-1